| 000 | 01802cam a2200265 4500 | ||
|---|---|---|---|
| 001 | ABS64167 | ||
| 008 | 000000n2001 000 0 eng u | ||
| 035 | _a(Sirsi) u113449 | ||
| 245 | _aBland v Ingram's Estates Ltd | ||
| 260 | _c2001 | ||
| 490 |
_aEstates Gazette _v[2001] 24 EG 163-174(12) |
||
| 520 | _aCA 21 December 2000. The claimant (C) surrendered the lease of a restaurant to the first defendant landlord (I), who then granted a new lease to Mr & Mrs B (B) who in turn agreed to pay C for the business in instalments. When B failed to pay certain instalments C obtained summary judgement against them and, later, two charging orders which were registered pursuant to the Land Charges Act 1972. After the lease was forfeited for arrears of rent a new lease was granted to the second (U) and third (F) defendants. C then brought an application, which was dismissed, for relief from forfeiture whilst an injunction was granted against U on cross-undertakings in damages by the C in an action bought by B against U and F regarding the ownership of chattels. C and U appealed. "Held": The appeal was allowed in the forfeiture action, on the grounds that as an equitable chargee of a lease forfeited for non-payment C could seek relief indirectly as there was an implied obligation on the chargor to take reasonable steps to preserve the chargee's security, but dismissed in the chattels action. | ||
| 590 | _aABS | ||
| 650 | _aARREARS | ||
| 650 | _aCHATTELS | ||
| 650 | _aBLAND V INGRAMS ESTATES LTD | ||
| 650 | _aBLAND V INGRAM'S ESTATES LTD AND OTHERS (NO2) | ||
| 650 | _aOWNERSHIP | ||
| 650 | _aRELIEF | ||
| 650 | _aRELIEF FROM FORFEITURE | ||
| 650 | _aEQUITABLE CHARGES | ||
| 650 | _aRENT ARREARS | ||
| 690 | _aLANDLORD AND TENANT-BUSINESS TENANCIES-CASE LAW | ||
| 942 | _n0 | ||
| 999 |
_c67593 _d67593 |
||